00598nam a2200157 a 450000100100000000500170001000800410002704000250006808200140009310000300010724500350013726000510017230000210022395201790024499900170042300003393020200930070631.0110914s1907 dr 000 0 spa d aDO-SdBNPbspacBNPHU axxxbB5181 aBernard, José M.95937710aRenuevos /cJosé M. Bernard. aNew York :bImprenta Hispano-Americana,c1907. a111 p. ;c22 cm. 001050718RVaGRbGRcHDd2011-09-14iLF1l0oxxx B518p33930-10r2020-06-25w2020-06-25y1zPerteneció a la biblioteca personal de Carlos Larrazabal BlancoZNo se presta c33421d33421